Random Geography Quiz - Statistics

General Stats
  • This quiz has been taken 37 times
  • The average score is 7 of 10
Answer Stats
Question Answer % Correct
Capital of Maldives Malé
100%
What continent did humans most definetely come from? Africa
86%
Country with the lowest population density Mongolia
86%
Which 2 modern day countries was the former country of "Zaire" made up of? Republic of the Congo and The democratic republic of the Congo
71%
Longest river in Asia Yangtze River
71%
2nd biggest island nation in Africa? Cape verde
57%
The only modern day country flag to not have either Blue, White, or Red on their flag. Jamaica
57%
What is the oldest republic country that still exists to date? (according to Guiness world record) San Marino
57%
Country with the southernmost point of the Nordic countries (Overseas territories and uninhabited islands count.) Norway
43%
Name of the island the capital city Copenhagen is located on Zealand
43%
No matching quizzes found
Score Distribution
Percent of People with Each Score
Percentile by Number Answered
Your Score History
You have not taken this quiz